Milano 2012 (Record n. 209750)

Dettagli MARC
000 -LEADER
fixed length control field 01928nam a2200205Ia 4500
001 - CONTROL NUMBER
control field b7215-53392
003 - CONTROL NUMBER IDENTIFIER
control field IT-MiCISF
008 - FIXED-LENGTH DATA ELEMENTS--GENERAL INFORMATION
fixed length control field 161014s9999||||xx |||||||||||||| ||und||
040 ## - CATALOGING SOURCE
Original cataloging agency IT-MiCISF
Transcribing agency IT-MiCISF
041 ## - LANGUAGE CODE
Language code of text/sound track or separate title it
999 ## - SYSTEM CONTROL NUMBERS (KOHA)
Koha Dewey Subclass [OBSOLETE] si
100 ## - MAIN ENTRY--PERSONAL NAME
Personal name AA.VV.
245 #0 - TITLE STATEMENT
Title Milano 2012
Remainder of title Le generazioni che verranno sono già qui
250 ## - EDITION STATEMENT
Edition statement 1a ed.
260 ## - PUBLICATION, DISTRIBUTION, ETC. (IMPRINT)
Place of publication, distribution, etc. Milano
Name of publisher, distributor, etc. Franco Angeli
Date of publication, distribution, etc. 2012
300 ## - PHYSICAL DESCRIPTION
Extent pp. 248
500 ## - GENERAL NOTE
General note a cura di Lodigiani R., Presentazione di Garzonio M., postfazione di Martini C. M. # Campiglio L., Colombo M., Boccacin L., Bramanti D., Facchini C., Marcaletti F., Ghetti V., Gnocchi R., Gori C., Lodigiani R., Mugnano S., Palvarini P., Rosina A. - Ambrosianeum Fondazione culturale / società, cultura, situazione-demografica, lavoro, invecchiamento, welfare, anziani, pensionamento, associazionismo, apprendimento, stratificazione-sociale, non-autofufficienza, rapporti-intergenerazionali / La crisi demografica che sta allarmando l'Europa, e l'Italia in particolare, sta cambiando anche il volto di Milano. Invecchiamento e degiovanimento, longevità e denatalità non solo modificano la struttura della popolazione ma hanno profonde implicazioni sociali. Sotto pressione si trovano anzitutto gli equilibri del sistema di welfare, il funzionamento del mercato del lavoro, i rapporti di reciprocità e di solidarietà tra le generazioni dentro e fuori le famiglie. Senza indulgere in pessimismi o scadere in luoghi comuni, a partire da dati puntuali, il volume indaga sia le sfide urgenti che si prospettano - attivazione dei segmenti più maturi della popolazione, promozione dell'occupazione giovanile, assistenza per gli anziani fragili, sostegno alle famiglie e alle persone lungo il corso di vita - sia le opportunità che si aprono quando si ridefiniscono in termini di equità e interdipendenza i rapporti tra le generazioni.
650 ## - SUBJECT ADDED ENTRY--TOPICAL TERM
Topical term or geographic name as entry element società
942 ## - ADDED ENTRY ELEMENTS (KOHA)
Koha item type LIBRO
957 ## -
-- 1
999 ## - SYSTEM CONTROL NUMBERS (KOHA)
-- 1
Dati di copia
Withdrawn status Lost status Damaged status Not for loan Home library Current library Date acquired Total Checkouts Full call number Date last seen Price effective from Koha item type Public note
    Buone Condizioni Not For Loan CISF - Milano CISF - Milano 14/10/2016   b7215-53392 14/10/2016 14/10/2016 LIBRO Data import 15.10.2016 / by Epidotti, Vaglietti
CREDITS: SOCIETA' SAN PAOLO Via A.Severo, 58 - ROMA (RM) & PERIODICI SAN PAOLO SRL Via Giotto, 36 MILANO & CISF Via Giotto, 36 MILANO & EDIZIONI SAN PAOLO SRL,  Piazza Soncino, 5 CINISELLO BALSAMO (MI) -- ITALY